000 00956nam a2200301 i 4500
003 EG-GICUC
005 20260227194918.0
008 260227s1984 fr ||||fr|||| 00| 0 fre d
020 _a2233001400
040 _aEG-GiCUC
_bfre
_cEG-GiCUC
_dEG-GiCUC
_eRda
041 _afre
082 0 4 _221
_a341.2040
_bTE . E
092 0 4 _221
099 _aLaw1 11 341.2040 TE . E 1984
100 1 _aTeitgen,Pierre-Henri
_eAuteur
245 _aÉtudes De Droit Des Communautès Europèennes /
_cPierre-Henri Teitgen .
264 1 _aParis :
_bÉditions A.Pedone ,
_c1984 .
300 _a530 page ;
_c24 cm.
336 _2rda contenu
_a texte
337 _2rda medias
_aOrdinateur
338 _2 transporteur rda
_a Ressource en ligne
546 _aTexte en français
650 _aDroit International Public
650 _aCommunauté Internationale
856 4 0 _uhttps://fll.law.cu.edu.eg/fulltext/bks/B11-07012.pdf
905 _a59
942 _2ddc
_n0
_cBK
_e21
999 _c64308
_d64308